[Event "aut_ychg12 St. Georgen"]
[Site "?"]
[Date "2007.??.??"]
[Round "5.6"]
[White "Hoelzl, Sarah"]
[Black "Auer, Christine"]
[Result "1-0"]
[WhiteElo "1382"]
[BlackElo "1200"]
[PlyCount "81"]
[EventDate "2007.05.26"]

1. d4 d5 2. e4 Nf6 3. e5 Ne4 4. Nf3 e6 5. Bd3 Be7 6. Qe2 f5 7. exf6 Bxf6 8.
Bxe4 dxe4 9. Qxe4 Qe7 10. Nc3 Nc6 11. O-O Bd7 12. Re1 O-O-O 13. d5 Bxc3 14.
bxc3 Nb8 15. dxe6 Bxe6 16. Qxe6+ Qxe6 17. Rxe6 Rhe8 18. Rxe8 Rxe8 19. Ba3 Nc6
20. Re1 Rd8 21. h3 h6 22. Be7 Nxe7 23. Rxe7 b6 24. Rxg7 Rd1+ 25. Kh2 Rc1 26.
Nd4 Ra1 27. Rg8+ Kb7 28. Rg7 Rxa2 29. Nb5 Kc6 30. Nxc7 Rxc2 31. f3 Rxc3 32. Ne6
b5 33. Rc7+ Kd6 34. Rxc3 Kxe6 35. Rc6+ Kd5 36. Rxh6 b4 37. Rh7 a5 38. Rh5+ Kc4
39. Rxa5 b3 40. Ra8 b2 41. Rb8 1-0

[Event "aut_ychg12 St. Georgen"]
[Site "?"]
[Date "2007.??.??"]
[Round "6.1"]
[White "Roeck, Vanessa"]
[Black "Bauer, Valentina"]
[Result "1-0"]
[WhiteElo "1485"]
[BlackElo "1547"]
[PlyCount "27"]
[EventDate "2007.05.26"]

1. e4 e6 2. d4 d5 3. exd5 exd5 4. Bd3 Bd6 5. Nf3 Ne7 6. O-O O-O 7. Nbd2 Bg4 8.
h3 Bh5 9. Be2 Nbc6 10. Nb3 Re8 11. Ng5 Bxe2 12. Qxe2 Ng6 13. Qf3 f6 14. Qxd5+
1-0

[Event "aut_ychg12 St. Georgen"]
[Site "?"]
[Date "2007.??.??"]
[Round "6.2"]
[White "Huber, Elke Carola"]
[Black "Tarmastin, Laura"]
[Result "1/2-1/2"]
[WhiteElo "1231"]
[BlackElo "1487"]
[PlyCount "25"]
[EventDate "2007.05.26"]

1. d4 d5 2. c4 e6 3. Nc3 Nf6 4. Bg5 Be7 5. Nf3 O-O 6. e3 c6 7. Qc2 Nbd7 8. cxd5
exd5 9. Bd3 b5 10. O-O h6 11. Bh4 Qc7 12. a3 Bd6 13. h3 1/2-1/2

[Event "aut_ychg12 St. Georgen"]
[Site "?"]
[Date "2007.??.??"]
[Round "6.3"]
[White "Strafinger, Elisabeth"]
[Black "Gerhold, Doris"]
[Result "0-1"]
[WhiteElo "1350"]
[BlackElo "1446"]
[PlyCount "62"]
[EventDate "2007.05.26"]

1. e4 e5 2. Nf3 Nc6 3. Bc4 Bc5 4. O-O d6 5. h3 Nf6 6. d3 Be6 7. Bb3 Qd7 8. Be3
Bb6 9. Nc3 O-O-O 10. Ng5 Bxb3 11. axb3 h6 12. Nf3 g5 13. Nd2 g4 14. hxg4 Nxg4
15. Bxb6 axb6 16. b4 Rhg8 17. b5 Nb8 18. Ra8 Nf6 19. Qf3 Rg6 20. Nd5 Nxd5 21.
exd5 Rdg8 22. g3 h5 23. Ne4 h4 24. Kh2 hxg3+ 25. fxg3 Rh8+ 26. Kg2 Rf8 27. d4
f5 28. Qa3 Qxb5 29. Qc3 Qe2+ 30. Nf2 f4 31. Qb4 Rxg3+ 0-1

[Event "aut_ychg12 St. Georgen"]
[Site "?"]
[Date "2007.??.??"]
[Round "6.4"]
[White "Zoehrer, Sarah"]
[Black "Schamberger, Katja"]
[Result "1/2-1/2"]
[WhiteElo "1496"]
[BlackElo "1457"]
[PlyCount "76"]
[EventDate "2007.05.26"]

1. e4 c5 2. Nf3 Nc6 3. d4 cxd4 4. Nxd4 g6 5. Be3 Bg7 6. Be2 Nf6 7. Nc3 O-O 8.
O-O d5 9. Bf3 dxe4 10. Nxc6 bxc6 11. Nxe4 Qc7 12. Rb1 Qe5 13. Nc3 Bb7 14. Qe2
Nd5 15. Nxd5 cxd5 16. c3 e6 17. Rfd1 Rfe8 18. Rd2 Bf8 19. Rbd1 Bd6 20. g3 Red8
21. Qb5 Bc8 22. Qc6 Bd7 23. Qa6 Bc8 24. Qc6 Bd7 25. Qa6 Be7 26. c4 Qf5 27. Bg2
Bc8 28. Qa4 Bb7 29. Qb3 Rdb8 30. Qc3 Bf6 31. Qc2 Qxc2 32. Rxc2 Rd8 33. Rcd2 a5
34. b3 Bc3 35. Rd3 Bb4 36. cxd5 exd5 37. Bxd5 Bxd5 38. Rxd5 Rxd5 1/2-1/2

[Event "aut_ychg12 St. Georgen"]
[Site "?"]
[Date "2007.??.??"]
[Round "6.5"]
[White "Nagy, Andrea"]
[Black "Hoelzl, Sarah"]
[Result "1/2-1/2"]
[WhiteElo "1279"]
[BlackElo "1382"]
[PlyCount "25"]
[EventDate "2007.05.26"]

1. e4 c5 2. Nc3 Nc6 3. d3 e5 4. Nf3 Nf6 5. Be2 d5 6. exd5 Nxd5 7. O-O Nxc3 8.
bxc3 Be7 9. Be3 O-O 10. d4 exd4 11. cxd4 cxd4 12. Nxd4 Nxd4 13. Bxd4 1/2-1/2

[Event "aut_ychg12 St. Georgen"]
[Site "?"]
[Date "2007.??.??"]
[Round "7.1"]
[White "Bauer, Valentina"]
[Black "Gerhold, Doris"]
[Result "1/2-1/2"]
[WhiteElo "1547"]
[BlackElo "1446"]
[PlyCount "40"]
[EventDate "2007.05.26"]

1. e4 e5 2. Nf3 Nc6 3. d4 exd4 4. Nxd4 Qh4 5. Nc3 Bb4 6. Ndb5 Ba5 7. Bd2 Nf6 8.
Qe2 O-O 9. O-O-O Re8 10. f3 d6 11. Kb1 a6 12. Na3 Bd7 13. Nc4 Bxc3 14. Bxc3 b5
15. Bxf6 Qxf6 16. Ne3 Be6 17. Nd5 Bxd5 18. Rxd5 Na5 19. Qe3 Nc4 20. Qd4 Ne5
1/2-1/2

[Event "aut_ychg12 St. Georgen"]
[Site "?"]
[Date "2007.??.??"]
[Round "7.2"]
[White "Tarmastin, Laura"]
[Black "Roeck, Vanessa"]
[Result "1-0"]
[WhiteElo "1487"]
[BlackElo "1485"]
[PlyCount "47"]
[EventDate "2007.05.26"]

1. e4 e5 2. Nf3 Nc6 3. Bc4 Bc5 4. c3 Nf6 5. d4 exd4 6. cxd4 Bb4+ 7. Bd2 Bxd2+
8. Nbxd2 d5 9. exd5 Nxd5 10. O-O O-O 11. Qc2 Re8 12. a3 Be6 13. Ne4 Nb6 14.
Bxe6 Rxe6 15. Neg5 Rg6 16. Qf5 Qf6 17. Qxf6 gxf6 18. Ne4 Rd8 19. Rad1 Nc4 20.
Nh4 Rg7 21. Nxf6+ Kf8 22. d5 Ne7 23. Rd4 Nc6 24. Rxc4 1-0

[Event "aut_ychg12 St. Georgen"]
[Site "?"]
[Date "2007.??.??"]
[Round "7.3"]
[White "Nagy, Andrea"]
[Black "Huber, Elke Carola"]
[Result "0-1"]
[WhiteElo "1279"]
[BlackElo "1231"]
[PlyCount "84"]
[EventDate "2007.05.26"]

1. e4 c6 2. d4 d5 3. exd5 cxd5 4. Nf3 Nf6 5. Nc3 g6 6. Be2 Bg7 7. O-O O-O 8.
Bg5 Bg4 9. Qd2 Nc6 10. h3 Bxf3 11. Bxf3 e6 12. Rfd1 Qc7 13. Bh6 Rac8 14. Bxg7
Kxg7 15. Nb5 Qb6 16. Nc3 Ne7 17. Re1 Qxb2 18. Reb1 Qxc3 19. Qxc3 Rxc3 20. Rxb7
Nf5 21. Rxa7 Nxd4 22. Bd1 Nxc2 23. Bxc2 Rxc2 24. Re1 Rfc8 25. Rxe6 R8c7 26.
Rea6 Rxa7 27. Rxa7 d4 28. Kf1 Rc6 29. Ke2 Rd6 30. Kd3 Nh5 31. g3 Rf6 32. Ke2
Kf8 33. a4 Re6+ 34. Kd3 Nf6 35. Kxd4 Ne4 36. Ra8+ Kg7 37. Ke3 Nxg3+ 38. Kf3 Ne4
39. a5 Nc5 40. Rb8 Ra6 41. Rb5 Ne6 42. Ke4 Kf6 0-1

[Event "aut_ychg12 St. Georgen"]
[Site "?"]
[Date "2007.??.??"]
[Round "7.4"]
[White "Hoelzl, Sarah"]
[Black "Schamberger, Katja"]
[Result "1-0"]
[WhiteElo "1382"]
[BlackElo "1457"]
[PlyCount "87"]
[EventDate "2007.05.26"]

1. e4 c5 2. Nc3 Nc6 3. Bb5 g6 4. Nf3 Bg7 5. O-O Nf6 6. d4 cxd4 7. Nxd4 Nxd4 8.
Qxd4 O-O 9. Bg5 Qc7 10. Qc4 Qd6 11. Rad1 Qe5 12. Bxf6 Qxf6 13. Bxd7 b6 14. Bxc8
Raxc8 15. Qb4 e6 16. Rfe1 Qf4 17. Rd3 Be5 18. g3 Qg4 19. Qb3 Bxc3 20. Rxc3 Rxc3
21. Qxc3 Rd8 22. f3 Qh3 23. Qe3 Kg7 24. Qg5 Rc8 25. Re2 Rf8 26. Rd2 f5 27. Rd7+
Kg8 28. exf5 Qxf5 29. Qxf5 Rxf5 30. Rxa7 Rxf3 31. Ra6 e5 32. Rxb6 Kf7 33. Kg2
Rf5 34. g4 Rf4 35. Kg3 g5 36. Rb7+ Kg6 37. Rb6+ Kf7 38. b4 e4 39. Rb5 Ke6 40.
Rxg5 Rf7 41. Rf5 Rxf5 42. gxf5+ Kxf5 43. Kf2 Kf4 44. b5 1-0

[Event "aut_ychg12 St. Georgen"]
[Site "?"]
[Date "2007.??.??"]
[Round "7.5"]
[White "Auer, Christine"]
[Black "Zoehrer, Sarah"]
[Result "0-1"]
[WhiteElo "1200"]
[BlackElo "1496"]
[PlyCount "66"]
[EventDate "2007.05.26"]

1. e4 e5 2. Nf3 Nc6 3. Nc3 Nf6 4. Bc4 Bc5 5. d3 h6 6. Be3 b6 7. Qd2 d6 8. h3
Bd7 9. a3 Bxe3 10. fxe3 O-O 11. O-O-O Na5 12. Qe2 Nxc4 13. dxc4 Re8 14. Rhg1
Nh7 15. g4 Re6 16. h4 Rg6 17. h5 Rxg4 18. Rxg4 Bxg4 19. Rh1 Ng5 20. Rf1 Bxf3
21. Qh2 Bxe4 22. Nxe4 Nxe4 23. Rg1 Ng5 24. Qg2 c6 25. Qg4 Qe7 26. Qg3 Rd8 27.
Kd1 d5 28. cxd5 Rxd5+ 29. Kc1 Qf6 30. Re1 Qf3 31. Qxf3 Nxf3 32. Rd1 Rxd1+ 33.
Kxd1 Ng5 0-1

[Event "aut_ychg12 St. Georgen"]
[Site "?"]
[Date "2007.??.??"]
[Round "7.6"]
[White "Teufl, Franziska"]
[Black "Strafinger, Elisabeth"]
[Result "0-1"]
[WhiteElo "1209"]
[BlackElo "1350"]
[PlyCount "88"]
[EventDate "2007.05.26"]

1. d4 d5 2. Nf3 c6 3. Bf4 Qb6 4. Qc1 Bf5 5. e3 e6 6. c3 Nf6 7. Nbd2 Nbd7 8. Be2
c5 9. dxc5 Nxc5 10. O-O Bd3 11. Bxd3 Nxd3 12. Qc2 Nc5 13. b4 Nce4 14. Qa4+ Qc6
15. Qxc6+ bxc6 16. Nxe4 Nxe4 17. Rac1 a5 18. Be5 axb4 19. cxb4 f6 20. Bd4 Rxa2
21. Rxc6 Kd7 22. Rb6 Nd2 23. Nxd2 Rxd2 24. h3 e5 25. Bc3 Rc2 26. Ba1 Rc6 27.
Rb7+ Kc8 28. Rb5 Rc4 29. Rb1 d4 30. Kf1 d3 31. Ke1 Be7 32. Kd2 Rd8 33. Rb6 Rc2+
34. Kd1 Rxf2 35. Rc1+ Kd7 36. Rb7+ Ke6 37. Rb6+ Kf5 38. g4+ Kg6 39. b5 d2 40.
Rb1 Rf1+ 41. Kc2 Rxb1 42. Kxb1 d1=Q+ 43. Kb2 Rd2+ 44. Kc3 Qc2# 0-1